| 000 | 00519nam a22001577a 4500 | ||
|---|---|---|---|
| 003 | OSt | ||
| 008 | 260616b |||||||| |||| 00| 0 eng d | ||
| 020 | _a9789358877601 | ||
| 082 |
_a305.40285 _bR16B |
||
| 245 |
_aBridging the Digital Divide: Empowering Women in Rural India through Emerging Technology/ _bedited by Vishnu D. Rajpur |
||
| 260 |
_aNew Delhi : _bNew India Publishing Agency, _c2025. |
||
| 300 | _a240 p. | ||
| 440 | _aThe professional's note series 06 | ||
| 700 | _aRajput, Vishnu D. | ||
| 942 |
_2ddc _cBK |
||
| 999 |
_c52119 _d52119 |
||